<?xml version="1.0" encoding="UTF-8"?><?xml-stylesheet type="text/xsl" href="static/style.xsl"?><OAI-PMH xmlns="http://www.openarchives.org/OAI/2.0/" xmlns:xsi="http://www.w3.org/2001/XMLSchema-instance" xsi:schemaLocation="http://www.openarchives.org/OAI/2.0/ http://www.openarchives.org/OAI/2.0/OAI-PMH.xsd"><responseDate>2026-04-30T16:31:23Z</responseDate><request verb="GetRecord" identifier="oai:repisalud.isciii.es:20.500.12105/8123" metadataPrefix="marc">https://repisalud.isciii.es/rest/oai/request</request><GetRecord><record><header><identifier>oai:repisalud.isciii.es:20.500.12105/8123</identifier><datestamp>2024-09-27T19:17:34Z</datestamp><setSpec>com_20.500.12105_2052</setSpec><setSpec>com_20.500.12105_2051</setSpec><setSpec>col_20.500.12105_19609</setSpec></header><metadata><record xmlns="http://www.loc.gov/MARC21/slim" xmlns:dcterms="http://purl.org/dc/terms/" xmlns:doc="http://www.lyncode.com/xoai" xmlns:xsi="http://www.w3.org/2001/XMLSchema-instance" xsi:schemaLocation="http://www.loc.gov/MARC21/slim http://www.loc.gov/standards/marcxml/schema/MARC21slim.xsd">
   <leader>00925njm 22002777a 4500</leader>
   <datafield ind2=" " ind1=" " tag="042">
      <subfield code="a">dc</subfield>
   </datafield>
   <datafield ind2=" " ind1=" " tag="720">
      <subfield code="a">Anda, Pedro</subfield>
      <subfield code="e">author</subfield>
   </datafield>
   <datafield ind2=" " ind1=" " tag="720">
      <subfield code="a">Escudero, Raquel</subfield>
      <subfield code="e">author</subfield>
   </datafield>
   <datafield ind2=" " ind1=" " tag="720">
      <subfield code="a">Jado, Isabel</subfield>
      <subfield code="e">author</subfield>
   </datafield>
   <datafield ind2=" " ind1=" " tag="720">
      <subfield code="a">Rodriguez-Moreno, Isabel</subfield>
      <subfield code="e">author</subfield>
   </datafield>
   <datafield ind2=" " ind1=" " tag="720">
      <subfield code="a">Jimenez, Maribel</subfield>
      <subfield code="e">author</subfield>
   </datafield>
   <datafield ind2=" " ind1=" " tag="260">
      <subfield code="c">2007-01-01</subfield>
   </datafield>
   <datafield ind2=" " ind1=" " tag="520">
      <subfield code="a">Método y kit de detección de especies bacterianas mediante análisis de ADN. La presente invención se refiere a la detección e identificación de diferentes especies bacterianas por PCR múltiple. Más concretamente, el método proporciona los cebadores, las sondas, las regiones génicas o regiones intergénicas necesarias para llevar a cabo la detección simultánea de especies bacterias y grupos bacterianos pertenecientes a los géneros Anaplasma, Ehrlichia, Borrelia, Bartonella, Coxiella, Rickettsia y Francisella por PCR múltiple.</subfield>
   </datafield>
   <datafield ind2=" " ind1=" " tag="520">
      <subfield code="a">REIVINDICACIONES: &#xd;
1. Método para la detección simultanea de especies bacterianas causantes de zoonosis pertenecientes a los géneros: Anaplasma, Ehrlichia, Bartonella, Borrelia, Coxiella, Francisella y Rickettsia que comprende:&#xd;
&#xd;
a. Poner en contacto la muestra a analizar con una mezcla de reacción que comprenda cebadores específicos que amplifiquen las secuencias: SEQ ID 55-93.&#xd;
b. Amplificar mediante reacción en cadena de la polimerasa.&#xd;
c. Identificar la formación de productos del paso anterior, siendo dicha formación indicativa de la presencia o ausencia de bacterias causantes de zoonosis.&#xd;
2. Método según la reivindicación 1 donde las especies bacterianas detectadas son:&#xd;
&#xd;
a. Anaplasma phagocytophilum, A. bovis, A. equi, A. marginale, A. centrale y A. ovis.&#xd;
b. Ehrlichia chaffeensis y E. ewingii.&#xd;
c. Bartonella henselae, B. quintana, B. clarridgeiae, B. elizabethae, B. grahamii, B. vinsonii subespecie berkhofii, B. vinsonii subespecie vinsonii, B. vnisonii subespecie arupensis, B. bacilliformis, B. alsatica, B. bovis, B. doshiae, B. koehlerae, B. schoenbuchensis, B. taylori y B. tribocorum.&#xd;
d. Especies del género Borrelia.&#xd;
e. Coxiella burnetii.&#xd;
f. Francisella turalensis subesp. holarctica y F. tularensis subesp. novicida, la variante 3523 de Francisella turalensis y el grupo endosimbionte de Francisella.&#xd;
g. Especies causantes de las fiebres manchadas y el grupo causante del tifus, las especies Rickettsia akari, R. bellii, R. slovaca, R. conorii, R. aeschlimannii, R. ricketsii, R. sibirica, R. helvetica, R. felis, R. australis, R. prowazekii, y R. typhy.&#xd;
3. Método según cualquiera de las reivindicaciones anteriores, en donde los cebadores comprenden las secuencias SEQ ID 1, 2, 7, 8, 25, 26, 28, 29, 31, 32, 36, 37.&#xd;
&#xd;
4. Método según cualquiera de las reivindicaciones anteriores en donde la detección simultanea de los productos de amplificación se realiza mediante sondas que comprenden las secuencias SEQ ID 3-6, 9-24, 27, 30, 33-35, 38-51.&#xd;
&#xd;
5. Método según cualquiera de las reivindicaciones anteriores que comprende al menos un control de amplificación interno.&#xd;
&#xd;
6. Método según la reivindicación 5, en donde el control de amplificación interno comprende:&#xd;
&#xd;
a. La amplificación de la SEQ ID 94 con cebadores específicos.&#xd;
b. Detección de la formación del producto de amplificación del paso anterior.&#xd;
7. Método según la reivindicación 6, en donde los cebadores específicos tienen las secuencias 52 y 53.&#xd;
&#xd;
8. Método según cualquiera de las reivindicaciones 5-7, donde la detección del producto de amplificación es llevada a cabo mediante la sonda de SEQ ID 54.&#xd;
&#xd;
9. Cebadores de SEQ ID 1, 2, 7, 8, 25, 26, 28, 29, 31, 32, 36 y 37, caracterizados porque son capaces de amplificar las secuencias definidas según la reivindicación 1.&#xd;
&#xd;
10. Cebador de SEQ ID 52 y 53, caracterizados porque son capaces de amplificar la secuencia definida según la reivindicación 6.&#xd;
&#xd;
11. Sondas de secuencia SEQ ID 3-6, 9-24, 27, 30, 33-35 y 38-51, caracterizadas porque son capaces de hibridar con las secuencias definidas según la reivindicación 1.&#xd;
&#xd;
12. Sonda de SEQ ID 54, caracterizada porque es capaz de hibridar con la secuencia definida según la reivindicación 8.&#xd;
&#xd;
13. Kit de diagnostico capaz de llevar a cabo el método según las reivindicaciones 1 a 8.&#xd;
&#xd;
14. Kit según la reivindicación anterior que comprende cebadores según las reivindicaciones 9 y 10.&#xd;
&#xd;
15. Kit según la reivindicación anterior que comprende sondas según las reivindicaciones 11 y 12.&#xd;
Cuando una patente se hace internacional, se puede encontrar en el idioma de cada país en que se ha solicitado. En Espacenet se tiene acceso a los documentos en cada idioma.</subfield>
   </datafield>
   <datafield ind1="8" ind2=" " tag="024">
      <subfield code="a">ES2264642 A1</subfield>
   </datafield>
   <datafield ind1="8" ind2=" " tag="024">
      <subfield code="a">200501481</subfield>
   </datafield>
   <datafield ind1="8" ind2=" " tag="024">
      <subfield code="a">http://hdl.handle.net/20.500.12105/8123</subfield>
   </datafield>
   <datafield tag="653" ind2=" " ind1=" ">
      <subfield code="a">análisis de ADN</subfield>
   </datafield>
   <datafield tag="653" ind2=" " ind1=" ">
      <subfield code="a">detección de especies bacterianas</subfield>
   </datafield>
   <datafield tag="653" ind2=" " ind1=" ">
      <subfield code="a">PCR múltiple</subfield>
   </datafield>
   <datafield ind2="0" ind1="0" tag="245">
      <subfield code="a">Método y kit de detección de especies bacterianas mediante análisis de ADN</subfield>
   </datafield>
</record></metadata></record></GetRecord></OAI-PMH>